000 00788nam a2200205Ia 4500
001 14652
003 GE_BSU
008 181216s||||||||xx |||||||||||||| ||und||
040 _cGE_BSU
080 _a821.353.1+821.353.1-32
100 _aგამსახურდია,კონსტანტინე
245 _aთხზულებანი 20 ტომად. ნოველები. ტ.1
245 _cსარედ. კოლ.ზვიად გამსახურდია. მხატვ. გია სურგულაძემთ. რედ. სოსო სიგუა
260 _aთბილისი
260 _c1992
300 _a448გვ.20სმ.
653 _aთხზულებანი
653 _aნოველები
942 _cBK
999 _c47778
_d47778